Movies Quiz

Random Movies Quiz

Order in the Court! Quiz Stats

Quiz Updated Feb 3, 2013

Score 0/20 Timer 04:00
1 Play Today
# Movie % Correct
14A Few Good Men
80%
20To Kill A Mockingbird
76.8%
1812 Angry Men
61.2%
9Kramer vs. Kramer
60.8%
11Miracle on 34th Street
49%
17Chicago
47.8%
12My Cousin Vinny
47.5%
5Amistad
43.3%
8Philadelphia
41.4%
1Inherit the Wind
26.9%
# Movie % Correct
6The Verdict
22.7%
3A Civil Action
16.3%
16A Man For All Seasons
15.4%
19...And Justice for All
14.9%
15Witness for the Prosecution
11.7%
2Presumed Innocent
11%
4Judgment at Nuremberg
9.3%
13Anatomy of a Murder
8.2%
10Young Mr. Lincoln
4.1%
7Breaker Morant
3.1%

You're not logged in!

Compare scores with friends on all Sporcle quizzes.
Join for Free
OR
Log In

You Might Also Like...

Show Comments

Extras

Top Quizzes Today


Score Distribution

Your Account Isn't Verified!

In order to create a playlist on Sporcle, you need to verify the email address you used during registration. Go to your Sporcle Settings to finish the process.

Report this User

Report this user for behavior that violates our Community Guidelines.

Details: